La Luz de lo Invisible

Bibliographic Details
Main Author: Fialkov, Yu
Format: Section = Libro
Language:Undetermined
Spanish
Published: URSS Ministerio de transporte y comunicaciones OMPT. 1987
Subjects:
LEADER 00437nam a2200169Ia 4500
008 240830s9999 xx 000 0 und d
040 |a B-ESTELÍ- RUACS / 320 F438 
041 |a spa 
082 |a 320 F438 
100 1 |a Fialkov, Yu 
245 1 0 |a La Luz de lo Invisible 
260 |a URSS  |b Ministerio de transporte y comunicaciones OMPT.  |c 1987 
300 |a 229 p 
650 7 |a CIENCIAS POLITICAS 
942 |c BK  |2 ddc 
991 |a TEXTO 
999 |c 10685